000 01838nam a2200301 a 4500
001 000000362518
003 IT-MiSPE
005 20200910164853.0
008 080722s2008 vc 000 0 ita d
020 _a9788820980542
_c16.50 EUR
040 _aIT-MiSPE
_bita
_dip
_cIT-MiSPE
041 _aita
_heng
082 _a227.07-WIT ro se (axa 23289)
100 1 _aWitherup, Ronald D.,
_cp.s.s.,
_d1950-
_958477
240 1 0 _aSaint Paul called to conversion a seven-day retreat.
_lItaliano
245 1 0 _aSette giorni in cammino con san Paolo :
_besercizi spirituali sulla via di Damasco /
_cRonald D. Witherup.
260 _aCittà del Vaticano :
_bLibreria Editrice Vaticana,
_c2008.
300 _a139 p. ;
_c21 cm
500 _aTit. orig.: Saint Paul called to conversion a seven-day retreat
504 _aContiene riferimenti bibliografici
520 _aSan Paolo è la personalità più rilevante del Nuovo Testamento, a parte lo stesso Gesù. Tredici dei ventisette libri del Nuovo Testamento portano il suo nome. Ma, attorno al 35 d.C., egli ebbe una straordinaria esperienza sulla strada per Damasco." (dall'introduzione)San Paolo è la personalità più rilevante del Nuovo Testamento, a parte lo stesso Gesù. Tredici dei ventisette libri del Nuovo Testamento portano il suo nome. Ma, attorno al 35 d.C., egli ebbe una straordinaria esperienza sulla strada per Damasco (dall'introduzione).
655 7 _aSacra Scrittura. Studi sul Nuovo Testamento
_xPaolo: biografia.
_2local
_957519
655 7 _aSpiritualità. Vita spirituale. Ostacoli. Virtù. Mezzi
_xEsercizi spirituali non ignaziani - Ritiri (italiano)
_2local
_957015
655 7 _aSacra Scrittura. Studi sul Nuovo Testamento
_xPaolo: studi e teologia.
_2local
_956750
942 _2ddc
_cBK
999 _c358886
_d358886